All Extant Deer Species by Scientific Name - Statistics

General Stats
  • This quiz has been taken 29 times
  • The average score is 14 of 56
Answer Stats
Scientific Name Common Name % Correct
Cervus elaphus Red Deer
94%
Cervus canadensis Elk
76%
Alces alces Moose
71%
Odocoileus virginianus Whitetail Deer
65%
Rangifer tarandus Reindeer
59%
Hydropotes inermis Water Deer
53%
Axis axis Axis Deer
47%
Odocoileus hemionus Mule Deer
47%
Cervus nippon Sika Deer
47%
Pudu puda Southern Pudu
47%
Pudella mephistophiles Northern Pudu
41%
Blastocerus dichotomus Marsh Deer
35%
Elaphurus davidianus Pere Davids Deer
35%
Muntiacus reevesi Reeve's Muntjac
35%
Rusa unicolor Sambar Deer
35%
Rucervus duvaucelii Barasingha
29%
Dama dama European Fallow Deer
29%
Capreolus capreolus European Roe Deer
29%
Muntiacus feae Feas Muntjac
29%
Mazama americana Red Brocket
29%
Ozotoceros bezoarticus Pampas Deer
24%
Muntiacus rooseveltorum Roosevelts Muntjac
24%
Rusa timorensis Rusa Deer
24%
Capreolus pygargus Siberian Roe Deer
24%
Cervus albirostris White-Lipped deer
24%
Cervus hangul Central Asian Red Deer
18%
Muntiacus gongshanensis Gongshan Muntjac
18%
Axis porcinus Hog Deer
18%
Hippocamelus bisulcus Huemul
18%
Muntiacus muntjak Indian Muntjac
18%
Muntiacus putaoensis Leaf Muntjac
18%
Dama mesapotamica Persian Fallow Deer
18%
Rusa marianna Philippine Deer
18%
Muntiacus puhoatensis Pu Hoat Muntjac
18%
Muntiacus truongsonensis Truong Son Muntjac
18%
Elaphodus cephalophus Tufted Deer
18%
Odocoileus pandora Yucatan Brown Brocket
18%
Mazama nemorivaga Amazonian Brown Brocket
12%
Muntiacus atherodes Bornean Yellow Muntjac
12%
Mazama temama Central American Red Brocket
12%
Mazama chunyi Dwarf Brocket
12%
Rucervus eldii Elds deer
12%
Muntiacus vuquangensis Giant Muntjac
12%
Mazama gouazoubira Gray Brocket
12%
Mazama rufina Little Red Brocket
12%
Muntiacus vaginalis Northern Red Muntjac
12%
Mazama nana Pygmy Brocket
12%
Mazama bororo Small Red Brocket
12%
Hippocamelus antisensis Taruca
12%
Axis kuhlii Bawean Deer
6%
Axis calamianensis Calamian Deer
6%
Rusa alfredi Visayan Spotted Deer
6%
Mazama tienhoveni Fair Brocket
0%
Muntiacus crinifrons Hairy-Fronted Muntjac
0%
Mazama bricenii Merida Brocket
0%
Muntiacus montanus Sumatran Muntjac
0%
No matching quizzes found
Score Distribution
Percent of People with Each Score
Percentile by Number Answered
Your Score History
You have not taken this quiz